MARC details
| 000 -CABECERA |
| campo de control de longitud fija |
02423nam a2200397Ia 4500 |
| 001 - NÚMERO DE CONTROL |
| campo de control |
dia_1699 |
| 003 - IDENTIFICADOR DEL NÚMERO DE CONTROL |
| campo de control |
CHAP |
| 005 - FECHA Y HORA DE LA ÚLTIMA TRANSACCIÓN |
| campo de control |
20240227090114.0 |
| 007 - CAMPO FIJO DE DESCRIPCIÓN FÍSICA--INFORMACIÓN GENERAL |
| campo de control de longitud fija |
ta |
| 008 - DATOS DE LONGITUD FIJA--INFORMACIÓN GENERAL |
| campo de control de longitud fija |
220117s2002 mx ab f 001 0 spa d |
| 040 ## - FUENTE DE LA CATALOGACIÓN |
| Centro catalogador/agencia de origen |
mxchpua |
| Centro/agencia transcriptor |
CHAP |
| 090 ## - LOCALMENTE ASIGNADO TIPO-LC NÚMERO DE CLASIFICACIÓN (OCLC); NÚMERO DE CLASIFICACIÓN LOCAL (RLIN) |
| Número de clasificación (OCLC) (R) ; Numero de clasificación, CALL (RLIN) (NR) |
T.C.343 |
| Número cutter local (OCLC) ; Número de libro/Signatura topográfica íntegra, CALL (RLIN) |
M67 IAI |
| Año |
2002 |
| 245 10 - MENCIÓN DE TÍTULO |
| Título |
Reporte final del viaje de estudios en el estado de Tabasco, región Chontalpa / |
| Mención de responsabilidad, etc. |
coordinador Tayde Morales Santos ; colaboradores Guillermina Anzúrez Santos...[et al.] |
| 260 ## - PUBLICACIÓN, DISTRIBUCIÓN, ETC. |
| Lugar de publicación, distribución, etc. |
México : |
| Nombre del editor, distribuidor, etc. |
El autor, |
| Fecha de publicación, distribución, etc. |
2002 |
| 300 ## - DESCRIPCIÓN FÍSICA |
| Extensión |
135 hojas : |
| Otras características físicas |
ilustraciones, tablas, mapas |
| 336 ## - TIPO DE CONTENIDO |
| Fuente |
rdacontent |
| Término de tipo de contenido |
texto |
| Código de tipo de contenido |
txt |
| 337 ## - TIPO DE MEDIO |
| Fuente |
rdamedia |
| Nombre/término del tipo de medio |
sin medio |
| Código del tipo de medio |
n |
| 338 ## - TIPO DE SOPORTE |
| Fuente |
rdacarrier |
| Nombre/término del tipo de soporte |
volumen |
| Código del tipo de soporte |
nc |
| 500 ## - NOTA GENERAL |
| Nota general |
Grado 5° Grupo 1 |
| 502 ## - NOTA DE TESIS |
| Nota de tesis |
Viaje de Estudios |
| Tipo de título |
(IAI) -- |
| Nombre de la institución que otorga el título |
UACh. Departamento de Ingeniería Agroindustrial, |
| Año de obtención del título |
2002 |
| 505 ## - NOTA DE CONTENIDO CON FORMATO |
| Título |
Empresas visitadas: --<br/>1. Plantación de cacao -- <br/>2. Plantación de achiote -- <br/>3. Fermentadora privada -- <br/>4. Planta fermentadora de cacao -- <br/>5. Planta fermentadora de Hidalgo -- <br/>6. Planta fermentadora del Tulipán -- <br/>7. Centro de validación Tecnológica Los pinos -- <br/>8. Viveros -- <br/>9. Ingenio Santa Rosalía -- <br/>10. Chocolates Wolter -- <br/>11. Fábrica de chocolates El Chontal -- <br/>12. Fábrica de cacao y chocolates CACEP -- <br/>13. Industrializadora de cacao de Tabasco, S. A. de C. V. <br/> |
| 505 ## - NOTA DE CONTENIDO CON FORMATO |
| Título |
Talleres : --<br/>1. Elaboración de dulce lima-cereza -- <br/>2. Elaboración de dulce de melocotón -- <br/>3. Elaboración de dulce de coco con piña -- <br/>4. Elaboración de pasta de achiote -- <br/>5. Elaboración de dulce de oreja de mico -- <br/>6. Elaboración de dulce de limón real -- <br/>7. Elaboración de dulce de pataste -- <br/>8. Dulce de oreja de mico (Ejido Naranjitos) -- <br/>9. Dulce de papaya grande -- <br/>10. Dulce de coco -- <br/>11. Dulce de nanche -- <br/>12. Elaboración de chocolate |
| 650 13 - PUNTO DE ACCESO ADICIONAL DE MATERIA--TÉRMINO DE MATERIA |
| Término de materia o nombre geográfico como elemento de entrada |
Cacao |
| 9 (RLIN) |
16918 |
| 650 13 - PUNTO DE ACCESO ADICIONAL DE MATERIA--TÉRMINO DE MATERIA |
| Término de materia o nombre geográfico como elemento de entrada |
Industria de la confitería |
| Subdivisión general |
|
| 9 (RLIN) |
151374 |
| Subdivisión geográfica |
México |
| -- |
Tabasco |
| 650 13 - PUNTO DE ACCESO ADICIONAL DE MATERIA--TÉRMINO DE MATERIA |
| Término de materia o nombre geográfico como elemento de entrada |
Industria de los alimentos |
| Subdivisión general |
|
| 9 (RLIN) |
151375 |
| Subdivisión geográfica |
México |
| -- |
Tabasco |
| 650 13 - PUNTO DE ACCESO ADICIONAL DE MATERIA--TÉRMINO DE MATERIA |
| Término de materia o nombre geográfico como elemento de entrada |
Confectionery industry |
| Subdivisión general |
|
| 9 (RLIN) |
151372 |
| Subdivisión geográfica |
Mexico |
| -- |
Tabasco |
| 650 13 - PUNTO DE ACCESO ADICIONAL DE MATERIA--TÉRMINO DE MATERIA |
| Término de materia o nombre geográfico como elemento de entrada |
Food industry |
| 9 (RLIN) |
151373 |
| Subdivisión geográfica |
Mexico |
| -- |
Tabasco |
| 700 1# - PUNTO DE ACCESO ADICIONAL--NOMBRE DE PERSONA |
| Nombre de persona |
Morales Santos, Tayde |
| Término indicativo de función/relación |
coordinadora |
| 9 (RLIN) |
78416 |
| 700 1# - PUNTO DE ACCESO ADICIONAL--NOMBRE DE PERSONA |
| Nombre de persona |
Anzúrez Santos, Guillermina |
| 9 (RLIN) |
151376 |
| Término indicativo de función/relación |
colaboradora |
| 942 ## - ELEMENTOS DE PUNTO DE ACCESO ADICIONAL (KOHA) |
| Fuente del sistema de clasificación o colocación |
Clasificación Universidad Autónoma de Chapingo |
| 901 ## - ELEMENTOS DE DATOS A LOCAL LDA (RLIN) |
| a |
T.C.343 M67 IAI 2002 |
| 902 ## - ELEMENTOS DE DATOS B LOCAL, LDB (RLIN) |
| a |
M |
| 905 ## - ELEMENTOS DE DATOS E LOCAL, LDE (RLIN) |
| a |
5232262002 mx nb 8223123322spa16 |
| 942 ## - ELEMENTOS DE PUNTO DE ACCESO ADICIONAL (KOHA) |
| Tipo de ítem Koha |
Viaje de Estudios |